LEADER 00656naa a2200145 i 4500 001 000000296812 003 CaOOAMICUS 005 20180831172552.0 008 180831n xx u000 u und u 013 $a4296 040 $aSeMil$bita 100 1 $aMinoretti, Carlo Dalmazio .$0(OLS)http://semarc/name/10304 245 13$aLa famiglia cristiana garanzia di santità, di sanità, di pace. 773 0 $aMinoretti, Carlo Dalmazio $tMatrimonio e la famiglia cristiana.$b3. edizione riveduta e ampliata.$dMilano : Vita e Pensiero, 1945.$w()55027 996 $6245$aLa famiglia cristiana garanzia di santità, di sanità, di pace$9(OLS)http://semarc/title/372861 LEADER 00499nab a2200145 i 4500 001 000000311024 003 CaOOAMICUS 005 20180831173025.0 008 180831n xx uu u0 0und r 013 $a20114 040 $aSeMil$bita 100 1 $aBertani, Felice.$0(OLS)http://semarc/name/12100 245 10$aAusonio Franchi. Lezioni di pedagogia (Opera postuma) 773 0 $t[Luglio-Dicembre].$g36-49$w()274045 996 $6245$aAusonio Franchi. Lezioni di pedagogia (Opera postuma)$9(OLS)http://semarc/title/385709